[Event "AUTO-INT-1657"]
[Site "http://www.queenalice.com/game.php?id=753962"]
[Date "2010.3.30"]
[Round "1"]
[White "dorszu"]
[Black "CeaRaSC"]
[Result "1-0"]
[WhiteElo "1681"]
[BlackElo "1624"]

1. e4 d5 2. exd5 Qxd5 3. Nc3 Qe6+ 4. Be2 Nc6 5. Nf3 Nf6 6. O-O Bd7 7. Re1 Ne5 8.
Nxe5 Qxe5 9. Ba6 Qc5 10. Bxb7 Rb8 11. d4 Qd6 12. Ba6 e6 13. Kh1 g6 14. a4 h5 15.
Bc4 a5 16. Bg5 Be7 17. Nb5 Qb6 18. Be3 O-O 19. Qf3 c6 20. d5 Qb7 21. dxc6 Bxc6
22. Qg3 Bb4 23. c3 Be7 24. b4 axb4 25. cxb4 Bxb4 26. Red1 Rbd8 27. h3 Rxd1+ 28.
Rxd1 Bxb5 29. Bxb5 Ne4 30. Qe5 g5 31. Bd3 Nc3 32. Rc1 f6 33. Qd4 e5 34. Qc4+ Kg7
35. Bc5 Nd5 36. Bxf8+ Bxf8 37. Rb1 Nb6 38. a5 Nxc4 39. Rxb7+ Kh6 40. Rh7# 1-0

[Event "AUTO-INT-1657"]
[Site "http://www.queenalice.com/game.php?id=753963"]
[Date "2010.3.30"]
[Round "1"]
[White "CeaRaSC"]
[Black "dorszu"]
[Result "0-1"]
[WhiteElo "1619"]
[BlackElo "1676"]

1. d4 e6 2. Bf4 h6 3. h4 Nc6 4. Nc3 b6 5. Nf3 Ba6 6. g4 Bb4 7. a3 Bxc3+ 8. bxc3
Nge7 9. e4 Bxf1 10. Rxf1 Qc8 11. Ne5 Nxe5 12. Bxe5 f6 13. Bf4 Qa6 14. Bxc7 Rc8
15. Bd6 Rxc3 16. Qe2 Qa5 17. Bb4 Rxa3 18. Bxa5 Rxa1+ 19. Kd2 Rxa5 20. Qc4 O-O
21. f4 Rc8 22. Qb3 Kf7 23. e5 Nc6 24. g5 Nxd4 25. Qd3 Rd5 26. Ke3 Nf5+ 27. Ke4
Rxd3 28. cxd3 Ng3+ 29. Kf3 Nxf1 30. gxh6 gxh6 31. h5 Rc3 32. Ke2 Ng3+ 33. Kd2
Ra3 34. Ke3 Nxh5 35. exf6 Nxf6 36. Kd4 h5 37. Kc4 h4 38. d4 h3 39. Kb4 Rf3 40.
Kb5 h2 41. Kc4 h1=Q 42. d5 Rxf4+ 43. Kd3 Nxd5 44. Kd2 Qh3 45. Ke2 Rg4 46. Kf2
Rg2+ 47. Kf1 Qh1# 0-1

[Event "AUTO-INT-1657"]
[Site "http://www.queenalice.com/game.php?id=753974"]
[Date "2010.3.30"]
[Round "1"]
[White "kanibal"]
[Black "CeaRaSC"]
[Result "1-0"]
[WhiteElo "1581"]
[BlackElo "1581"]

1. d4 d5 2. Nf3 Bf5 3. e3 Nc6 4. Bb5 a6 5. Bxc6+ bxc6 6. O-O e6 7. h3 Be4 8. Ne5
Qg5 9. f3 Bf5 10. f4 Qg3 11. Rf3 Qh4 12. Nxc6 Be4 13. Rf2 g5 14. fxg5 Qxg5 15.
Nd2 f5 16. Nf3 Bxf3 17. Rxf3 Bd6 18. e4 Qf6 19. exf5 exf5 20. Qe1+ Ne7 21. Bf4
O-O 22. Rg3+ Ng6 23. Bxd6 cxd6 24. Ne5 Rae8 25. c3 dxe5 26. dxe5 Rxe5 27. Qd2
Qh4 28. Re3 Rfe8 29. Rae1 f4 30. Rxe5 Nxe5 31. Rf1 Ng6 32. Qxd5+ Kg7 33. b4 Re5
34. Qd6 Qf6 35. Qxf6+ Kxf6 36. Kh2 Re3 37. c4 Re4 38. Rc1 Ne5 39. c5 Rxb4 40. a3
Rc4 41. Rf1 Rxc5 42. Rxf4+ Ke6 43. Rh4 Rc7 44. Rh6+ Ng6 45. g4 a5 46. h4 Rc2+
47. Kg3 Rc3+ 48. Kf2 Rxa3 49. Rxh7 Nf8 50. Rh6+ Ke5 51. Rh5+ Kf4 52. g5 Kg4 53.
Rh6 Rf3+ 54. Kg2 a4 55. g6 Rg3+ 56. Kf2 Kf4 57. Rh5 Rxg6 58. Ke2 1-0

[Event "AUTO-INT-1657"]
[Site "http://www.queenalice.com/game.php?id=753975"]
[Date "2010.3.30"]
[Round "1"]
[White "CeaRaSC"]
[Black "kanibal"]
[Result "0-1"]
[WhiteElo "1598"]
[BlackElo "1564"]

1. d4 d5 2. Nc3 e6 3. Bf4 Bb4 4. a3 Bxc3+ 5. bxc3 Nf6 6. e3 O-O 7. Bb5 c6 8. Bd3
h6 9. Bxb8 Rxb8 10. c4 dxc4 11. Bxc4 Ne4 12. f3 Qa5+ 13. Kf1 Nc3 14. Qd3 b5 15.
Bb3 b4 16. a4 Nd5 17. Ne2 Qd8 18. h4 Qc7 19. Bxd5 exd5 20. e4 dxe4 21. Qxe4 b3
22. cxb3 Rxb3 23. g3 Be6 24. Kg2 Bd5 25. Qf4 Bxf3+ 26. Kf2 Qxf4 27. gxf4 Bxh1
28. Rxh1 Rb4 29. a5 Rxd4 30. Nxd4 c5 31. Nc6 a6 32. Ne7+ Kh8 33. h5 Re8 34. Re1
Kh7 35. f5 g6 36. fxg6+ fxg6 37. Nxg6 Rd8 38. Nf4 c4 39. Rc1 Rd4 40. Ke3 Rd6 41.
Rxc4 Rd8 42. Rc6 Re8+ 43. Kf3 Re5 44. Rxa6 Kg7 45. Ra7+ Kf6 46. a6 Kg5 47. Rg7+
Kf6 48. Rg6+ Kf5 49. a7 Ra5 50. Rxh6 Rxa7 51. Rd6 Rh7 52. Rd8 Kg5 53. Rg8+ Kf5
54. Rf8+ Kg5 55. Kg3 Rg7 56. Rh8 Kf5+ 57. Kf3 Kg5 0-1

[Event "AUTO-ADV-1709"]
[Site "http://www.queenalice.com/game.php?id=754163"]
[Date "2010.3.31"]
[Round "1"]
[White "landscapsy"]
[Black "CeaRaSC"]
[Result "1-0"]
[WhiteElo "1823"]
[BlackElo "1629"]

1. d4 d5 2. f3 Nc6 3. e3 Be6 4. Bb5 Qd6 5. Nc3 O-O-O 6. Bd2 f5 7. Qe2 a6 8. Ba4
Nf6 9. O-O-O b5 10. Bb3 g5 11. Kb1 Na7 12. Nh3 h5 13. Nxg5 Bh6 14. Nxe6 Qxe6 15.
Qf2 c6 16. Ne2 Rhg8 17. Rde1 Qd6 18. a3 e5 19. Bb4 Qc7 20. Bc5 exd4 21. Bxd4 Nd7
22. Ng3 Rg6 23. Nxf5 Nc5 24. Bxc5 Bf8 25. Bxa7 Qxa7 26. Rc1 Bc5 27. Nd4 Bxd4 28.
exd4 a5 29. c3 a4 30. Bc2 Re6 31. Qh4 Rh8 32. Bf5 Kb7 33. Bxe6 Kb6 34. Qf6 Qh7+
35. Ka1 Re8 36. Bxd5 Qd7 37. Be4 Re6 38. Qf5 h4 39. Qc5+ Kc7 40. Qa7+ Kd8 41.
Qxd7+ Kxd7 42. Bf5 Kd6 43. Bxe6 Kxe6 44. Rce1+ Kd5 45. Re4 c5 46. Rxh4 cxd4 47.
cxd4 Kc4 48. f4 Kxd4 49. f5+ Ke5 50. g4 Kf6 51. Rh6+ Kg5 52. Rg6+ Kf4 53. f6 Ke5
54. h4 Ke6 55. h5 Kf7 56. Rf1 Kf8 57. f7 b4 58. h6 b3 59. Rg8+ Ke7 60. f8=Q+ Ke6
61. Re1+ Kd5 62. Qd8+ Kc5 63. Rc1+ Kb5 64. Qb8+ Ka6 65. Rg6+ Ka5 66. Qb6# 1-0

[Event "AUTO-ADV-1709"]
[Site "http://www.queenalice.com/game.php?id=754164"]
[Date "2010.3.31"]
[Round "1"]
[White "CeaRaSC"]
[Black "landscapsy"]
[Result "0-1"]
[WhiteElo "1559"]
[BlackElo "1840"]

1. d4 d5 2. Nc3 e6 3. Bf4 Bd7 4. Qd3 Nf6 5. O-O-O Na6 6. f3 Nb4 7. Qe3 Be7 8. h4
h6 9. g4 Bc6 10. g5 hxg5 11. Bxg5 Qd7 12. a3 Na6 13. Bh3 O-O-O 14. f4 Kb8 15.
Nf3 Nh7 16. Bxe7 Qxe7 17. Ne5 Be8 18. f5 Rd6 19. fxe6 fxe6 20. Bg2 Qf6 21. Qf3
Nf8 22. Qxf6 gxf6 23. Nd3 c6 24. b4 Ng6 25. h5 Ne7 26. e4 Rd8 27. exd5 cxd5 28.
h6 Nc7 29. Nf4 Bf7 30. Rde1 Nf5 31. a4 Nxd4 32. b5 Rc8 33. Kd2 e5 34. Nfxd5 Nxd5
35. Bxd5 Bxd5 36. Nxd5 Nf3+ 37. Ke3 Nxe1 38. Rxe1 f5 39. Rh1 Rxc2 40. Nf6 Rc4
41. a5 f4+ 42. Kd3 Rd4+ 43. Kc3 f3 44. h7 Rf4 45. Nd5 Rf7 46. b6 axb6 47. axb6
Rfxh7 48. Rxh7 Rxh7 49. Ne3 Rh2 50. Kd3 Kc8 51. Nf1 Re2 52. Ne3 Rb2 53. Ke4 Rxb6
54. Kxf3 Kc7 55. Nc4 Rb5 56. Nd2 Kd6 57. Ke4 Rb4+ 58. Ke3 b5 59. Kd3 Rd4+ 60.
Kc3 Kd5 61. Nb3 Rc4+ 62. Kd2 b4 63. Na5 Rc3 64. Nb7 Kd4 65. Nd6 Rd3+ 66. Ke2 b3
67. Nb5+ Kc4 68. Na3+ Kc3 69. Nb1+ Kd4 70. Na3 e4 71. Nb5+ Kc5 72. Na3 b2 73.
Ke1 Rxa3 74. Kd2 Ra1 75. Ke3 b1=Q 76. Kf4 Qf1+ 77. Kxe4 Qe2+ 78. Kf4 Rf1+ 0-1

[Event "AUTO-ADV-1709"]
[Site "http://www.queenalice.com/game.php?id=754179"]
[Date "2010.3.31"]
[Round "1"]
[White "QuinhoFogo"]
[Black "CeaRaSC"]
[Result "1-0"]
[WhiteElo "1658"]
[BlackElo "1644"]

1. e4 d5 2. exd5 Qxd5 3. Nc3 Qe6+ 4. Qe2 Qxe2+ 5. Bxe2 Bf5 6. d3 Nc6 7. h3 Nf6
8. Bf4 e5 9. Bg5 Be7 10. O-O-O O-O 11. g4 Be6 12. Nf3 Rad8 13. Ne4 Nxe4 14. dxe4
Bxg5+ 15. Nxg5 Rxd1+ 16. Rxd1 Nd4 17. Bf1 Nf3 18. Nxf3 f6 19. Rd2 c5 20. g5 fxg5
21. Nxg5 Bc8 22. Bc4+ Kh8 23. Nf7+ Kg8 24. Nxe5+ Kh8 25. h4 g6 26. Nf7+ Kg7 27.
Rd8 Rxd8 28. Nxd8 h5 29. Be6 Bxe6 30. Nxe6+ Kf6 31. Nxc5 b6 32. Nd3 b5 33. b4 g5
34. f3 g4 35. fxg4 hxg4 36. Kd2 g3 37. Ke1 Kg6 38. Kf1 Kh5 39. Kg2 Kxh4 40. e5
Kg4 41. e6 Kf5 42. e7 Ke4 43. e8=Q+ Kd4 44. Qe5+ Kc4 45. Qc5# 1-0

[Event "AUTO-ADV-1709"]
[Site "http://www.queenalice.com/game.php?id=754180"]
[Date "2010.3.31"]
[Round "1"]
[White "CeaRaSC"]
[Black "QuinhoFogo"]
[Result "0-1"]
[WhiteElo "1610"]
[BlackElo "1719"]

1. d4 d5 2. Nc3 Nf6 3. Bf4 Bf5 4. e3 e6 5. Nf3 Bg4 6. h3 Bh5 7. g4 Bg6 8. Bd3
Bxd3 9. Qxd3 a6 10. O-O Bd6 11. Bxd6 Qxd6 12. Ne5 Nc6 13. Nxc6 Qxc6 14. a4 a5
15. Qb5 Qxb5 16. axb5 O-O 17. b3 c6 18. bxc6 bxc6 19. f4 Ne4 20. Nxe4 dxe4 21.
c4 f5 22. g5 g6 23. h4 Rfb8 24. Rfb1 Rb4 25. Kf2 a4 26. Ra3 Kf7 27. d5 exd5 28.
c5 Rab8 29. Rba1 axb3 30. Ra7+ Kg8 31. Rb1 R4b7 32. Rxb7 Rxb7 33. Ke2 Kg7 34.
Kd2 Rb5 35. Kc3 Rxc5+ 36. Kxb3 Rb5+ 37. Kc2 Rxb1 38. Kxb1 Kf7 39. Kc2 Ke6 40.
Kc3 c5 41. Kd2 d4 42. exd4 cxd4 43. Ke2 Kd5 44. Kd2 d3 45. Ke3 Kc4 46. Kd2 Kd4
47. Ke1 e3 48. Kd1 Kc3 49. Ke1 d2+ 50. Ke2 Kc2 51. Kxe3 d1=Q 52. Kf2 Qd3 53. Kg2
Kd2 54. Kf2 Qe2+ 55. Kg3 Ke3 56. Kh3 Kf3 57. h5 Qg2+ 58. Kh4 Qg4# 0-1

[Event "AUTO-ADV-1709"]
[Site "http://www.queenalice.com/game.php?id=754189"]
[Date "2010.3.31"]
[Round "1"]
[White "Alcar"]
[Black "CeaRaSC"]
[Result "1-0"]
[WhiteElo "1744"]
[BlackElo "1621"]

1. d4 d5 2. c4 dxc4 3. Nc3 Bf5 4. e4 Bd7 5. Bxc4 c6 6. Nf3 Bg4 7. O-O Bxf3 8.
gxf3 e6 9. Kh1 Bb4 10. a3 Bxc3 11. bxc3 Nd7 12. d5 exd5 13. exd5 c5 14. Re1+ Ne7
15. d6 b5 16. Bxb5 a6 17. Rxe7+ Kf8 18. Rxd7 Qb6 19. Rb1 axb5 20. Qb3 c4 21. Qb2
Rd8 22. Be3 Qc6 23. Rxd8+ Qe8 24. Rxe8+ Kxe8 25. Qxb5+ Kd8 26. Bb6+ Kc8 27. d7+
Kb7 28. Bd4+ Kc7 29. Be5+ Kd8 30. Qxc4 Kxd7 31. Rb7+ Kd8 32. Qc8+ Kxc8 33. Rb8+
Kd7 34. Rxh8 f6 35. Rxh7 fxe5 36. Rxg7+ Ke6 37. Kg2 Kf5 38. h4 Kf6 39. Rd7 Ke6
40. Rd1 Kf5 41. h5 Kg5 42. Kg3 Kxh5 43. f4 e4 44. Re1 Kg6 45. Rxe4 Kf5 46. Re5+
Kf6 47. c4 Kg6 48. Kg4 Kf6 49. Kh5 Kf7 50. f5 Kf6 51. f4 Kf7 52. Re6 Kf8 53. Kg6
Kg8 54. Re8# 1-0

[Event "AUTO-ADV-1709"]
[Site "http://www.queenalice.com/game.php?id=754190"]
[Date "2010.3.31"]
[Round "1"]
[White "CeaRaSC"]
[Black "Alcar"]
[Result "0-1"]
[WhiteElo "1661"]
[BlackElo "1709"]

1. d4 e6 2. Bf4 d5 3. Nc3 Bd6 4. Bxd6 Qxd6 5. e4 Ne7 6. Bb5+ Bd7 7. Bxd7+ Nxd7
8. exd5 Nxd5 9. Nxd5 Qxd5 10. Qf3 O-O 11. Qxd5 exd5 12. O-O-O Rfe8 13. Nf3 c6
14. Rhe1 Kf8 15. Rxe8+ Rxe8 16. h4 h6 17. g4 g5 18. hxg5 hxg5 19. Nxg5 Nf6 20.
f3 Kg7 21. b4 Kg6 22. Nh3 Nd7 23. f4 f5 24. g5 Re4 25. a4 Nb6 26. a5 Na4 27. Rd3
b6 28. a6 b5 29. Kd2 Nb2 30. Re3 Nc4+ 31. Kd1 Nxe3+ 32. Kd2 Ng2 33. c3 Nxf4 34.
Nxf4+ Rxf4 35. Ke3 Kxg5 36. Ke2 Kg4 37. Ke3 Re4+ 38. Kd3 f4 39. Kd2 f3 40. Kd3
f2 41. Kc2 f1=Q 42. Kb3 Qc4+ 43. Kb2 Re2+ 44. Kc1 Qxc3+ 45. Kd1 Qc2# 0-1

[Event "AUTO-INT-1746"]
[Site "http://www.queenalice.com/game.php?id=798255"]
[Date "2010.7.3"]
[Round "1"]
[White "RadiantDawn"]
[Black "CeaRaSC"]
[Result "1-0"]
[WhiteElo "1987"]
[BlackElo "1610"]

1. d4 d5 2. Nf3 Nc6 3. e3 Bg4 4. Be2 Bxf3 5. Bxf3 Nf6 6. O-O Qd6 7. Nc3 e6 8.
Bd2 e5 9. Nb5 Qd7 10. Bc3 exd4 11. Nxd4 Nxd4 12. exd4 O-O-O 13. Re1 Re8 14. Qd3
Rxe1+ 15. Rxe1 g5 16. h3 Qd6 17. Qf5+ Kd8 18. Bg4 Be7 19. Qc8# 1-0

[Event "AUTO-INT-1746"]
[Site "http://www.queenalice.com/game.php?id=798256"]
[Date "2010.7.3"]
[Round "1"]
[White "CeaRaSC"]
[Black "RadiantDawn"]
[Result "0-1"]
[WhiteElo "1565"]
[BlackElo "1991"]

1. d4 d5 2. Nc3 c6 3. Bf4 Nd7 4. e4 dxe4 5. Nxe4 Ngf6 6. Nxf6+ Nxf6 7. Qd3 e6 8.
Nf3 Be7 9. O-O-O Qb6 10. Qb3 Qxb3 11. axb3 Nd5 12. Be5 O-O 13. g4 a5 14. Bc4 a4
15. bxa4 Rxa4 16. Bxd5 cxd5 17. c3 b5 18. Nd2 Bg5 19. f4 Be7 20. g5 b4 21. c4
dxc4 22. Nxc4 Bb7 23. Kd2 Bxh1 24. Rxh1 Ra2 25. h4 Rc8 26. Rc1 b3 27. h5 f6 28.
gxf6 gxf6 0-1

[Event "AUTO-OPEN-2028"]
[Site "http://www.queenalice.com/game.php?id=798379"]
[Date "2010.7.4"]
[Round "1"]
[White "CeaRaSC"]
[Black "Krummenauer"]
[Result "0-1"]
[WhiteElo "1563"]
[BlackElo "1913"]

1. d4 d5 2. Nf3 Bg4 3. h3 Bxf3 4. gxf3 Nc6 5. Be3 e6 6. Qd3 Bb4+ 7. c3 Be7 8. b4
Nf6 9. Bg2 a5 10. b5 Na7 11. a4 b6 12. O-O Nc8 13. c4 Nd6 14. Na3 O-O 15. c5
bxc5 16. dxc5 Nf5 17. f4 Nxe3 18. Qxe3 Ne4 19. Bxe4 dxe4 20. Rad1 Qc8 21. c6 f5
22. Nc4 Qe8 23. Qg3 Rf6 24. Kh2 Rg6 25. Qc3 Bb4 26. Qb3 Rd8 27. Ne5 Rf6 28. Nd7
Rh6 29. f3 exf3 30. Rxf3 Bd6 31. Ne5 Bxe5 32. fxe5 g5 33. Rxd8 Qxd8 34. Qxe6+
Rxe6 35. Rxf5 h6 36. Kg3 Qd4 37. Kf3 Rxe5 38. Rxe5 Qxe5 39. e4 Qf4+ 40. Kg2
Qxe4+ 41. Kg3 Qxa4 42. b6 Qxc6 43. bxc7 Qxc7+ 0-1

[Event "AUTO-OPEN-2028"]
[Site "http://www.queenalice.com/game.php?id=798380"]
[Date "2010.7.4"]
[Round "1"]
[White "Krummenauer"]
[Black "CeaRaSC"]
[Result "1-0"]
[WhiteElo "1915"]
[BlackElo "1561"]

1. d4 d5 2. c4 dxc4 3. a4 a5 4. e3 Nf6 5. Bxc4 e6 6. Nf3 Bb4+ 7. Nc3 Bxc3+ 8.
bxc3 O-O 9. O-O Ne4 10. Qc2 f5 11. Ne5 Nd7 12. Bxe6+ Kh8 13. Bxf5 Rxf5 14. Qxe4
Qf6 15. Nxd7 Bxd7 16. Qxb7 Qd8 17. Qe4 c6 18. c4 g6 19. Bb2 Qe8 20. Qxe8+ Bxe8
21. e4 Rf4 22. f3 Bf7 23. c5 Kg8 24. Bc3 Bc4 25. Rfb1 h5 26. Rb6 Rf6 27. d5 Rf7
28. Rxc6 Kh7 29. Rb6 Rc8 30. c6 g5 31. Bxa5 g4 32. Rb7 Ba6 33. Rxf7+ Kg8 34. Rf5
gxf3 35. gxf3 Kh7 36. Rb1 Rg8+ 37. Kf2 Bd3 38. Rb7+ Kg6 39. Rbf7 Rg7 40. Rxg7+
Kxg7 41. c7 Ba6 42. d6 h4 43. d7 Kg6 44. d8=Q h3 45. c8=Q 1-0

[Event "AUTO-OPEN-2028"]
[Site "http://www.queenalice.com/game.php?id=798381"]
[Date "2010.7.4"]
[Round "1"]
[White "CeaRaSC"]
[Black "rsvale"]
[Result "0-1"]
[WhiteElo "1535"]
[BlackElo "1370"]

1. d4 d5 2. Nc3 Bf5 3. Nf3 e6 4. Bf4 Bd6 5. Bxd6 Qxd6 6. e3 a6 7. Bd3 Nc6 8. Ne5
Nxe5 9. dxe5 Qxe5 10. f4 Qf6 11. e4 dxe4 12. Bxe4 Rd8 13. Qe2 Bxe4 14. Nxe4 Qxb2
15. Rd1 Rxd1+ 16. Qxd1 Qb4+ 17. Nd2 Nf6 18. Qf3 O-O 19. c3 Qc5 20. h4 Nd5 21.
Nb1 b5 22. g4 Re8 23. Rh2 Rd8 24. Rd2 Qg1+ 25. Qf1 Qxf1+ 26. Kxf1 Rd6 27. f5
exf5 28. g5 f6 29. gxf6 Nxf6 30. Rxd6 cxd6 31. Nd2 Ne4 32. Nxe4 fxe4 33. Ke2 Kf7
34. Ke3 d5 35. a3 a5 36. h5 g5 37. hxg6+ hxg6 38. Kd4 Ke6 39. Ke3 Ke5 0-1

[Event "AUTO-OPEN-2028"]
[Site "http://www.queenalice.com/game.php?id=798382"]
[Date "2010.7.4"]
[Round "1"]
[White "rsvale"]
[Black "CeaRaSC"]
[Result "1-0"]
[WhiteElo "1491"]
[BlackElo "1554"]

1. d4 d5 2. Bf4 Nf6 3. Nc3 Nc6 4. e3 Bf5 5. Bd3 Bxd3 6. Qxd3 e6 7. a3 a6 8. Nf3
Ne4 9. Ne5 Nxe5 10. Bxe5 c5 11. Nxe4 dxe4 12. Qxe4 Qd7 13. dxc5 Bxc5 14. Rd1 Qc6
15. Qxc6+ bxc6 16. Bxg7 Rg8 17. Bd4 Bxd4 18. Rxd4 Rd8 19. Rxd8+ Kxd8 20. O-O f5
21. c4 c5 22. b4 cxb4 23. axb4 Rg4 24. h3 Rxc4 25. Rd1+ Ke7 26. Ra1 Rxb4 27.
Rxa6 Rb1+ 28. Kh2 h5 29. f3 h4 30. g4 Rb2+ 31. Kg1 fxg4 32. fxg4 Rb3 33. Kf2 Kf6
34. Kf3 Rb4 35. e4 Kg5 36. Rxe6 Rb3+ 37. Kg2 Kf4 38. Rh6 Rb2+ 39. Kf1 Kg5 40.
Rh8 1-0